Approaches to the Synthesis of Dicarboxylic Derivatives of Bis(pyrazol-1-yl)alkanes; Molecules; Vol. 26, iss. 2
| Parent link: | Molecules Vol. 26, iss. 2.— 2021.— [413, 12 p.] |
|---|---|
| Hovedforfatter: | |
| Institution som forfatter: | |
| Andre forfattere: | |
| Summary: | Title screen Carboxylation of bis(pyrazol-1-yl)alkanes by oxalyl chloride was studied. It was found that 4,4'-dicarboxylic derivatives of substrates with electron-donating methyl groups and short linkers (from one to three methylene groups) can be prepared using this method. Longer linkers lead to significantly lower product yields, which is probably due to instability of the intermediate acid chlorides that are initially formed in the reaction with oxalyl chloride. Thus, bis(pyrazol-1-yl)methane gave only monocarboxylic derivative even with a large excess of oxalyl chloride and prolonged reaction duration. An alternative approach involves the reaction of ethyl 4-pyrazolecarboxylates with dibromoalkanes in a superbasic medium (potassium hydroxide–dimethyl sulfoxide) and is suitable for the preparation of bis(4-carboxypyrazol-1-yl)alkanes with both short and long linkers independent of substitution in positions 3 and 5 of pyrazole rings. The obtained dicarboxylic acids are interesting as potential building blocks for metal-organic frameworks. |
| Sprog: | engelsk |
| Udgivet: |
2021
|
| Fag: | |
| Online adgang: | https://doi.org/10.3390/molecules26020413 |
| Format: | MixedMaterials Electronisk Book Chapter |
| KOHA link: | https://koha.lib.tpu.ru/cgi-bin/koha/opac-detail.pl?biblionumber=668047 |
MARC
| LEADER | 00000naa0a2200000 4500 | ||
|---|---|---|---|
| 001 | 668047 | ||
| 005 | 20250326144203.0 | ||
| 035 | |a (RuTPU)RU\TPU\network\39258 | ||
| 090 | |a 668047 | ||
| 100 | |a 20220531d2021 k||y0rusy50 ba | ||
| 101 | 0 | |a eng | |
| 102 | |a CH | ||
| 135 | |a drcn ---uucaa | ||
| 181 | 0 | |a i | |
| 182 | 0 | |a b | |
| 200 | 1 | |a Approaches to the Synthesis of Dicarboxylic Derivatives of Bis(pyrazol-1-yl)alkanes |f N. P. Burlutsky, A. S. Potapov | |
| 203 | |a Text |c electronic | ||
| 300 | |a Title screen | ||
| 320 | |a [References: 40 tit.] | ||
| 330 | |a Carboxylation of bis(pyrazol-1-yl)alkanes by oxalyl chloride was studied. It was found that 4,4'-dicarboxylic derivatives of substrates with electron-donating methyl groups and short linkers (from one to three methylene groups) can be prepared using this method. Longer linkers lead to significantly lower product yields, which is probably due to instability of the intermediate acid chlorides that are initially formed in the reaction with oxalyl chloride. Thus, bis(pyrazol-1-yl)methane gave only monocarboxylic derivative even with a large excess of oxalyl chloride and prolonged reaction duration. An alternative approach involves the reaction of ethyl 4-pyrazolecarboxylates with dibromoalkanes in a superbasic medium (potassium hydroxide–dimethyl sulfoxide) and is suitable for the preparation of bis(4-carboxypyrazol-1-yl)alkanes with both short and long linkers independent of substitution in positions 3 and 5 of pyrazole rings. The obtained dicarboxylic acids are interesting as potential building blocks for metal-organic frameworks. | ||
| 461 | |t Molecules | ||
| 463 | |t Vol. 26, iss. 2 |v [413, 12 p.] |d 2021 | ||
| 610 | 1 | |a труды учёных ТПУ | |
| 610 | 1 | |a электронный ресурс | |
| 610 | 1 | |a pyrazole | |
| 610 | 1 | |a bis(pyrazol-1-yl)alkanes | |
| 610 | 1 | |a carboxylation | |
| 610 | 1 | |a oxalyl chloride | |
| 610 | 1 | |a dicarboxylic acids | |
| 610 | 1 | |a alkylation | |
| 610 | 1 | |a superbasic medium | |
| 610 | 1 | |a пиразол | |
| 610 | 1 | |a карбоксилирование | |
| 610 | 1 | |a оксалилхлорид | |
| 610 | 1 | |a дикарбоновые кислоты | |
| 610 | 1 | |a алкилирование | |
| 700 | 1 | |a Burlutsky |b N. P. |g Nikita Pavlovich | |
| 701 | 1 | |a Potapov |b A. S. |g Andrey Sergeevich | |
| 712 | 0 | 2 | |a Национальный исследовательский Томский политехнический университет |b Инженерная школа новых производственных технологий |b Научно-образовательный центр Н. М. Кижнера |3 (RuTPU)RU\TPU\col\23556 |
| 801 | 0 | |a RU |b 63413507 |c 20220531 |g RCR | |
| 856 | 4 | |u https://doi.org/10.3390/molecules26020413 | |
| 942 | |c CF | ||